000 01010nas a2200277 i 4500
001 174292
003 ES-MaACL
005 20250217134856.0
008 100324d19741982sp m|y | ||pa d
022 _a0210-7333
080 _a946.0
245 0 0 _aTiempo de historia.
260 _aMadrid :
_bTiempo de Historia,
_c1974-1982.
300 _av. :
_bil. ;
_c24 cm.
310 _aMensual
362 0 _aAño 1, n. 1 (dic. 1974)-año 8, n. 92/93 (jul.-ag. 1982)
530 _aDisponible en formato digital
651 4 _aEspaña-
_xHistoria-
_y1931-1939, II República.
_98283
651 4 _aEspaña-
_xHistoria-
_y1936-1939, Guerra civil.
_98292
852 _aES-MaACL
_jHem-H-175
_cHEM
856 4 _uhttps://www.tiempodehistoriadigital.com/
_yVersión en línea
_z(Tiempo de historia)
856 4 _uhttps://gredos.usal.es/handle/10366/3356
_yVersión en línea
_z(Tiempo de historia. Gredos)
866 0 _o1974 (1975-76), (1979-1981).
942 _2udc
_cPERIODICA
_n0
999 _c174292
_d174292